000 00384nam a22001577a 4500
020 _a9780008608514
082 _a823
_bCOC/C
100 _aCoco Mellors
245 _aCleopatra and frankenstein/
_cby Coco Mellors
260 _aLondon:
_bHarperCollins,
_c2022.
300 _a370p.
650 _aNovel English
650 _aLiterature English
650 _aLiterature
942 _cBK
999 _c181313
_d181313